Nosotros, los que quedamos atrás: migración salvadoreña a través de la fotografía de niños y niñas en Arcatao y La Chacra /
El campo de los estudios sobre migración ha crecido enormemente, en una dirección a un saber interdisciplinario que examina las dimensiones socio-culturales, económicas y políticas de la migración, y los problemas que conlleva sobre los hijos e hijas de padres migrantes, en particular. Es así como e...
Sparad:
| Huvudupphovsman: | |
|---|---|
| Materialtyp: | Text |
| Ämnen: | |
| Taggar: |
Lägg till en tagg
Inga taggar, Lägg till första taggen!
|
MARC
| LEADER | 00000 a a2200000 04500 | ||
|---|---|---|---|
| 001 | 40728 | ||
| 003 | |||
| 040 | |||
| 100 | |a Bradley, Heather | ||
| 245 | |a Nosotros, los que quedamos atrás: |b migración salvadoreña a través de la fotografía de niños y niñas en Arcatao y La Chacra / |c Heather Bradley | ||
| 520 | |a El campo de los estudios sobre migración ha crecido enormemente, en una dirección a un saber interdisciplinario que examina las dimensiones socio-culturales, económicas y políticas de la migración, y los problemas que conlleva sobre los hijos e hijas de padres migrantes, en particular. Es así como esta investigación y el proyecto "Voces y vistas" nacieron del silencio de este grupo de jóvenes en particular. Se procede con un programa de fotografía participativa y alfabetización, como medio de otorgar voz a la gente y comunidades silenciadas, en este caso Arcatao y La Chacra, en El Salvador. | ||
| 590 | |a RRH/JULIO2011 | ||
| 650 | |a 1.MIGRACION | ||
| 650 | |a 2.GRUPOS VULNERABLES | ||
| 650 | |a 3.POBREZA | ||
| 650 | |a 4.VIOLENCIA | ||
| 650 | |a 5.GUERRA | ||
| 650 | |a 6.REMESAS | ||
| 650 | |a 7.EL SALVADOR | ||
| 773 | |g número118 ( , 2008), páginas 587-620 : fotos, ilustraciones | ||
| 999 | |c 36871 |d 36871 | ||
